书目信息 |
| 题名: |
琵琶练习曲选
|
|
| 作者: | 林石城 编著 | |
| 分册: | ||
| 出版信息: | 北京 人民音乐出版社 1991 |
|
| 页数: | 218页 | |
| 开本: | 26cm | |
| 丛书名: | ||
| 单 册: | ||
| 中图分类: | J648.331 | |
| 科图分类: | ||
| 主题词: | 琵琶--练习曲--中国--现代--选集 , 琵琶 , 练习曲 | |
| 电子资源: | ||
| ISBN: | 7-103-00665-2 | |
| 000 | 00788nam0 2200241 450 | |
| 001 | 01003011952 | |
| 005 | 20070806180644.81 | |
| 010 | @a7-103-00665-2@dCNY18.40 | |
| 100 | @a19920318e20031991em y0chiy0110 ea | |
| 101 | 0 | @achi |
| 102 | @aCN@b110000 | |
| 105 | @ag z 000yy | |
| 200 | 1 | @a琵琶练习曲选@9pi pa lian xi qu xuan@f林石城编著 |
| 210 | @a北京@c人民音乐出版社@d1991@h2005 | |
| 215 | @a218页@d26cm | |
| 330 | @a本书是我五十年来从事琵琶演奏、教学实践中逐渐创作积累后选出的部分练习曲,共收有二百条练习与练习曲,并附有文字说明。分初级、中级、高级三个部分。 | |
| 606 | 0 | @a琵琶@x练习曲@y中国@z现代@j选集 |
| 606 | 0 | @a琵琶 |
| 606 | 0 | @a练习曲 |
| 690 | @aJ648.331@v4 | |
| 701 | 0 | @a林石城@9lin shi cheng@4编著 |
| 801 | 0 | @aCN@bRENTIAN@c20070806 |
| 905 | @a10447@dJ648.331@e139 | |
| 琵琶练习曲选/林石城编著.-北京:人民音乐出版社,1991(2005) |
| 218页;26cm |
| ISBN 7-103-00665-2:CNY18.40 |
| 本书是我五十年来从事琵琶演奏、教学实践中逐渐创作积累后选出的部分练习曲,共收有二百条练习与练习曲,并附有文字说明。分初级、中级、高级三个部分。 |
| ● |
| 相关链接 |
|
|
|
|
正题名:琵琶练习曲选
索取号:J648.331/139
 
预约/预借
| 序号 | 登录号 | 条形码 | 馆藏地/架位号 | 状态 | 备注 |
| 1 | 0804260 | 208042606 | 第一样本阅览室/ [索取号:J648.331/139] | 在馆 | |
| 2 | 0804261 | 208042615 | 第一借阅区/ [索取号:J648.331/139] | 在馆 | |
| 3 | 0804262 | 208042624 | 第一借阅区/ [索取号:J648.331/139] | 在馆 | |
| 4 | 0804263 | 208042633 | 第一借阅区/ [索取号:J648.331/139] | 在馆 | |
| 5 | 0804264 | 208042642 | 密集书库-音乐系/ [索取号:J648.331/139] | 在馆 |